| 000 | 00639nam a2200205Ia 4500 | ||
|---|---|---|---|
| 005 | 20250508165927.0 | ||
| 008 | 008 250505s9999 xx 000 0 eng d | ||
| 037 | _aTextBook | ||
| 040 |
_aFEDL _beng _cFEDL |
||
| 041 |
_aeng _2eng |
||
| 084 |
_a379.12, HIL/R _qFEDL |
||
| 100 |
_aHill Dave _9779615 |
||
| 245 | 0 | _aGlobal neoliberalism and education and its consequences | |
| 260 |
_aNew York, USA _bRoutledge _c2009 |
||
| 300 | _axvii, 263p. | ||
| 546 | _aGifted by HOD Namita Ranganathan in memory of Prof. Arvind Gaysu | ||
| 700 |
_a Ravi Kumar _9782436 |
||
| 942 |
_cTB _h379.12, HIL/R |
||
| 999 |
_c1398234 _d1398234 |
||